Els fonaments del catalanisme polític : les Bases de Manresa : 125 anys les Bases de Manresa : 125 anys
Descripción Física:
1 targeta postal ; il. b/n ; 11 x 15 cm.
Materias:
Unió Catalanista. -- Manresa, Catalunya). -- 1892 : -- Bases de Manresa -- Exposicions
; Targetes postals
Idioma:
Catalán
MARC
| LEADER | 00000nkm a22000007a 4500 | ||
|---|---|---|---|
| 001 | 27255 | ||
| 003 | Arxiu | ||
| 005 | 20260324181150.0 | ||
| 008 | 230116b spa||||| |||| 00| 0 cat d | ||
| 017 | |a B 10300-2018 | ||
| 040 | |a agdb |b cat | ||
| 245 | |a Els fonaments del catalanisme polític : |b les Bases de Manresa : 125 anys | ||
| 260 | |a Barcelona : |b Diputació de Barcelona : |b Ajuntament de Manresa ; |c 2018 | ||
| 300 | |a 1 targeta postal ; |b il. b/n ; |c 11 x 15 cm. | ||
| 500 | |a Exposició duta terme del 13 d'abril al 14 de juliol de 2018 a Can Serra (Rambla Catalunya, 126). | ||
| 611 | 2 | 0 | |a Unió Catalanista. |c Manresa, Catalunya). |d 1892 : |t Bases de Manresa |v Exposicions |
| 655 | 0 | |9 52685 |a Targetes postals | |
| 710 | 1 | |a Barcelona (Catalunya : Província). |b Diputació |9 52408 | |
| 710 | 1 | |a Manresa (Catalunya). |b Ajuntament |9 51573 | |
| 942 | |2 udc |c ARXIU |n 1 | ||
| 952 | |0 0 |1 0 |2 udc |4 0 |6 NBM16175 |7 1 |9 65027 |a Arxiu |b Arxiu |d 2023-01-16 |l 0 |o NBM-16-175 |p 27255 |r 2023-01-16 00:00:00 |w 2023-01-16 |y ARXIU | ||
| 999 | |c 82957 |d 82957 | ||